[Event "IECC M-5062"]
[Site "IECC email"]
[Date "2004.06.21"]
[Round "?"]
[White "Buetow, Mark"]
[Black "Anter, Steven"]
[Result "0-1"]
[WhiteElo "1313"]
[BlackElo "1205"]
[PlyCount "70"]
[EventDate "2004.??.??"]
[EventType "tourn (corr)"]
[EventRounds "10"]
[SourceTitle "Corr 2020"]
[Source "ChessBase"]
[SourceDate "2019.09.30"]
[SourceVersion "1"]
[SourceVersionDate "2019.09.30"]
[SourceQuality "1"]
[WhiteTeam "United States"]
[BlackTeam "United States"]
[WhiteTeamCountry "USA"]
[BlackTeamCountry "USA"]

1. Nf3 d5 2. c4 Nf6 3. cxd5 Qxd5 4. Nc3 Qa5 5. Qa4+ Qxa4 6. Nxa4 Nc6 7. Nc3 e5 8. Nb5 Bd6 9. Nxd6+ cxd6 10. a3 0-0 11. d3 e4 12. dxe4 Nxe4 13. Ng5 Re8 14. Nxe4 Rxe4 15. g3 Nd4 16. Bg2 Rxe2+ 17. Kf1 Re8 18. Bf4 Nf5 19. Re1 Rd8 20. Bh3 d5 21. Kg2 d4 22. Bxf5 Bxf5 23. Re7 d3 24. Kf3 d2 25. Ke2 Bg4+ 26. f3 Bxf3+ 27. Kxf3 d1Q+ 28. Rxd1 Rxd1 29. Rxb7 h5 30. Rb8+ Rxb8 31. Bxb8 a6 32. Ke2 Rh1 33. Kf3 Rxh2 34. g4 hxg4+ 35. Kxg4 Rxb2 0-1

[Event "IECC O email"]
[Site "IECC email"]
[Date "2001.10.02"]
[Round "?"]
[White "Anter, Steven"]
[Black "Gulbe, Erika"]
[Result "1-0"]
[WhiteElo "1219"]
[BlackElo "1229"]
[PlyCount "21"]
[EventDate "2001.??.??"]
[EventType "tourn (corr)"]
[EventRounds "6"]
[SourceTitle "Corr 2008"]
[Source "ChessBase"]
[SourceDate "2008.06.24"]
[SourceVersion "1"]
[SourceVersionDate "2008.06.24"]
[SourceQuality "1"]

1. e4 e5 2. Nf3 Nc6 3. d4 exd4 4. Nxd4 d6 5. Nxc6 bxc6 6. Qf3 Bb7 7. Bc4 Nf6 8. Nd2 Be7 9. 0-0 0-0 10. Re1 Nxe4 11. Qxe4 1-0